| 000 | 01337nam a2200361 c 4500 | ||
|---|---|---|---|
| 999 |
_c176636 _d176636 |
||
| 003 | BLK | ||
| 005 | 20250610155755.0 | ||
| 008 | 180411b bul|||||r ||||||| ||bul|| | ||
| 010 | _aKNG00185262000 | ||
| 020 | _a978-954-657-948-5 | ||
| 040 | _aBLK | ||
| 041 |
_aBUL _cBUL |
||
| 072 | 7 |
_2bullib _aН85 _xДетска художествена литература Н |
|
| 080 |
_aЛитература на отделни езици и езикови семейства _b821 _x-93-34 _z821-93-34 |
||
| 139 |
_aРапунцел и други приказки _bР 37 |
||
| 245 | 1 | 0 |
_aРапунцел и други приказки _cил. Магдалена Добрева. |
| 257 | _aSB | ||
| 260 |
_bПАН _c2010 _fСофия : Циан |
||
| 300 |
_a16 с. _bс цв. ил. _c24 см |
||
| 380 | _aDX | ||
| 490 |
_aМога сам да чета _9205733 |
||
| 500 | _aКор. опис. Съдържа: Царицата на пчелите ; Ти, аз и никой | ||
| 659 | _aН | ||
| 700 | 1 |
_aДобрева, Магдалена _eил. _9370526 |
|
| 852 | _aЦб 278419 | ||
| 856 | 4 | _qpdf | |
| 856 | 4 | _qpdf | |
| 942 |
_cKNG _n0 _s1 _014 |
||
| 944 |
_aCR _c04.12.2015 _k30564 _lАнна Гръцманова |
||
| 944 |
_aED _c04.08.2016 _kСимона_Петрова |
||
| 999 | _d176636 | ||
| 999 | _d176636 | ||